Miasta w województwie lubelskim - Statystyki

Ogólne statystyki
  • Ten quiz został rozwiązany 107 razy
    32 od ostatniego zresetowania
  • Średni wynik to 41 z 58
Statystyki odpowiedzi
Miasto Liczba mieszkańców % Poprawnych
Lublin 327 384
100%
Chełm 55 981
94%
Zamość 57 185
94%
Biała Podlaska 53 650
88%
Janów Lubelski 10 665
88%
Lubartów 19 445
88%
Puławy 43 235
88%
Biłgoraj 24 476
81%
Kock 2825
81%
Kraśnik 30 667
81%
Międzyrzec Podlaski 15 146
81%
Świdnik 36 318
81%
Tomaszów Lubelski 17 435
81%
Dęblin 13 769
75%
Hrubieszów 15 588
75%
Janów Podlaski 2659
75%
Krasnystaw 16 961
75%
Łęczna 17 290
75%
Łuków 26 765
75%
Opole Lubelskie 7675
75%
Radzyń Podlaski 13 949
75%
Terespol 5036
75%
Włodawa 11 857
75%
Bełżyce 5763
69%
Bychawa 4388
69%
Czemierniki 1288
69%
Izbica 1647
69%
Kazimierz Dolny 3191
69%
Końskowola 1966
69%
Krasnobród 2917
69%
Kurów 2612
69%
Nałęczów 3557
69%
Ostrów Lubelski 1888
69%
Parczew 10 054
69%
Piszczac 2064
69%
Poniatowa 8050
69%
Ryki 8823
69%
Turobin 797
69%
Zwierzyniec 2717
69%
Frampol 1309
63%
Goraj 879
63%
Józefów 2271
63%
Józefów nad Wisłą 776
63%
Łaszczów 1916
63%
Modliborzyce 1397
63%
Piaski 2407
63%
Rejowiec 2042
63%
Rejowiec Fabryczny 3935
63%
Stoczek Łukowski 2306
63%
Szczebrzeszyn 4647
63%
Wąwolnica 882
63%
Annopol 2266
56%
Kamionka 1724
56%
Lubycza Królewska 2077
56%
Siedliszcze 1313
56%
Tarnogród 3065
56%
Tyszowce 1799
56%
Urzędów 1709
56%
Nie znaleziono quizów pasujących do podanych kryteriów
Rozkład punktacji
Procent ludzi z każdym wynikiem
Percentyl według liczby udzielonych odpowiedzi
Twoja historia wyników
Nie rozwiązałeś tego quizu od ostatniego zresetowania